| 000 | 00510nam a22001695i 4500 | ||
|---|---|---|---|
| 001 | 154694 | ||
| 003 | ES-MaACL | ||
| 005 | 20230906205824.0 | ||
| 008 | 040708s1897 fr |||| | fre d | ||
| 040 |
_aCAM _bspa _cCAM |
||
| 100 | 1 |
_aGourmont, Rémy de ( _d1858-1916) _959362 |
|
| 245 | 1 | 4 |
_aLes chevaux de Diomède _b: roman / _cRemy de Gourmont. |
| 250 | _a3e éd. | ||
| 260 |
_aParis : _bSociéte du Mercure de France, _c1897. |
||
| 300 |
_a254 p. ; _c18 cm. |
||
| 852 |
_aES-MaACL _jD-1468 _z-- Enc. hol. |
||
| 999 |
_c154694 _d154694 |
||